00973nam a2200265Ia 450000500170000000800410001702000180005810000270007624500930010325000360019630000250023253400210025758600370027865000350031565000400035065000640039070000490045470000330050326400370053633600270057333700330060033800280063304000350066108400110069620220317001519.0161108s2005 ck g 000 f s  a97895870425111 aGrass, Günterd1927-13aEl tambor de hojalatacGünter Grass ; traducción de Carlos Gerhard, Joaquín Mortiz a1a. edición, 2a reimpresión a506 páginasc18 cm tDie Blechtrommel apremio Nobel De Literatura, 1999142LEMBaNovela alemanaySiglo XX142LEMBaLiteratura alemana ySiglo XX142LEMBaNiñosvNovelaxCrecimientoxAspectos psicológicos1 aMortiz, Joaquín Gerhard, Carlosetraductor1 aMortiz, Joaquínetraductor aBogotábPunto de lecturac2005 atextobtxt2rdacontent asin mediaciónbn2rdamedia avolumenbnc2rdacarrier aCO-BoRNBPbspaerdacCO-BoRNBP aN GRA1